000 00732cad a22002175a 4500
001 L155308
008 120316s2012 xxk f f000 0 eng d
035 _a(Sirsi) u155308
041 0 _aeng
110 2 _aUnited Kingdom
_kLaws, etc
_95044
245 0 4 _aThe Building (Amendment) Regulations 2012
_h[electronic resource]
260 _aLondon
_bNational Archives
_c2012
490 0 _aSI
_v2012: 718
520 _aThese Regulations came into force on 6 April 2012.
521 2 _aAdvanced
590 _aKA NTK
651 4 _aEngland and Wales
_y1543-
690 _aBuilding regulations
_96224
856 4 0 _uhttps://www.legislation.gov.uk/uksi/2012/718/made
_zView the document free of charge at www.legislation.gov.uk
942 _n0
999 _c113471
_d113471